| 000 | nam a22 7a 4500 | ||
|---|---|---|---|
| 999 |
_c23854 _d23854 |
||
| 008 | 170127b xxu||||| |||| 00| 0 eng d | ||
| 020 | _a9781565335448 | ||
| 050 | _aRT 55 .S66 2013 | ||
| 245 |
_aRN Maternal Newborn Nursing / _cATI Nursing education |
||
| 250 | _a9th ed | ||
| 260 |
_aUSA: _bATI Nursing education, _c2013. |
||
| 300 |
_avii, 345 p.: _c21cm. |
||
| 500 | _aincludes bibliographical references and index. | ||
| 650 | _2Maternity Nursing | ||
| 710 | _aATI Nursing education | ||
| 942 |
_2lcc _cBOOKS _hRT 55 .S66 2013 |
||